[Event "Stay Safe Play From Home 307"]
[Site "Emanuel Lasker Arena"]
[Date "2020.07.16"]
[Round "8"]
[White "Little champs"]
[Black "GIULIO19031975"]
[Result "1-0"]
[WhiteElo "2296"]
[BlackElo "1776"]
[Annotator "NA RC"]
[PlyCount "95"]
[EventDate "2020.07.16"]
[EventType "swiss (blitz)"]

1. d4 {[%emt 0:00:01]} d5 {[%emt 0:00:01]} 2. e3 {[%emt 0:00:00]} e6 {[%emt 0:00:01]} 3. Nf3 {[%emt 0:00:00]} c6 {[%emt 0:00:00]} 4. Be2 {[%emt 0:00:00]} Nf6 {[%emt 0:00:00]} 5. O-O {[%emt 0:00:00]} Be7 {[%emt 0:00:00]} 6. c4 {[%emt 0:00:01]} Nbd7 {[%emt 0:00:00]} 7. Nc3 {[%emt 0:00:00]} dxc4 {[%emt 0:00:01]} 8. Bxc4 {[%emt 0:00:01]} b5 {[%emt 0:00:00]} 9. Bb3 {[%emt 0:00:01]} Bb7 {[%emt 0:00:00]} 10. e4 {[%emt 0:00:00]} Rc8 {[%emt 0:00:00]} 11. e5 {[%emt 0:00:01]} c5 {[%emt 0:00:00]} 12. exf6 {[%emt 0:00:01]} Bxf6 {[%emt 0:00:01]} 13. d5 {[%emt 0:00:02]} c4 {[%emt 0:00:01]} 14. dxe6 {[%emt 0:00:00]} fxe6 {[%emt 0:00:01]} 15. Bc2 {[%emt 0:00:00]} O-O {[%emt 0:00:01]} 16. Qe2 {[%emt 0:00:00]} Nc5 {[%emt 0:00:01]} 17. Be3 {[%emt 0:00:01]} e5 {[%emt 0:00:03]} 18. Bxc5 {[%emt 0:00:01]} Rxc5 {[%emt 0:00:01]} 19. Rad1 {[%emt 0:00:01]} Qe7 {[%emt 0:00:01]} 20. Be4 {[%emt 0:00:01]} Bxe4 {[%emt 0:00:02]} 21. Nxe4 {[%emt 0:00:01]} Rc6 {[%emt 0:00:01]} 22. Nxf6+ {[%emt 0:00:01]} Rcxf6 {[%emt 0:00:01]} 23. Qxe5 {[%emt 0:00:01]} Qb7 {[%emt 0:00:02]} 24. Qd5+ {[%emt 0:00:01]} R6f7 {[%emt 0:00:05]} 25. Qxb7 {[%emt 0:00:03]} Rxb7 {[%emt 0:00:01]} 26. Rd5 {[%emt 0:00:01]} a6 {[%emt 0:00:01]} 27. Rfd1 {[%emt 0:00:01]} h6 {[%emt 0:00:01]} 28. h3 {[%emt 0:00:00]} Rf4 {[%emt 0:00:01]} 29. Rd7 {[%emt 0:00:01]} Rb8 {[%emt 0:00:01]} 30. Rc7 {[%emt 0:00:01]} a5 {[%emt 0:00:01]} 31. Rdd7 {[%emt 0:00:01]} b4 {[%emt 0:00:01]} 32. Rxg7+ {[%emt 0:00:02]} Kf8 {[%emt 0:00:02]} 33. Rh7 {[%emt 0:00:02]} Kg8 {[%emt 0:00:01]} 34. Rxh6 {[%emt 0:00:01]} b3 {[%emt 0:00:01]} 35. axb3 {[%emt 0:00:01]} Rxb3 {[%emt 0:00:03]} 36. Ra6 {[%emt 0:00:03]} Rb8 {[%emt 0:00:02]} 37. Rxa5 {[%emt 0:00:02]} Re4 {[%emt 0:00:03]} 38. Rac5 {[%emt 0:00:01]} Rxb2 {[%emt 0:00:02]} 39. Rxc4 {[%emt 0:00:00]} Re5 {[%emt 0:00:01]} 40. Nxe5 {[%emt 0:00:01]} Rb1+ {[%emt 0:00:01]} 41. Kh2 {[%emt 0:00:01]} Rb5 {[%emt 0:00:01]} 42. Rd4 {[%emt 0:00:00]} Rb8 {[%emt 0:00:01]} 43. Rdd7 {[%emt 0:00:01]} Kf8 {[%emt 0:00:01]} 44. f4 {[%emt 0:00:02]} Rb2 {[%emt 0:00:02]} 45. Rf7+ {[%emt 0:00:01]} Kg8 {[%emt 0:00:01]} 46. Rg7+ {[%emt 0:00:01]} Kh8 {[%emt 0:00:01]} 47. Rh7+ {[%emt 0:00:02]} Kg8 {[%emt 0:00:01]} 48. Rcg7+ {[%emt 0:00:00] GIULIO19031975 abbandona (Lag: Av=0.66s, max=1.8s)} 1-0

[Event "Stay Safe Play From Home 307"]
[Site "Emanuel Lasker Arena"]
[Date "2020.07.16"]
[Round "8"]
[White "Lamborghini"]
[Black "Weltszmerc"]
[Result "0-1"]
[WhiteElo "2217"]
[BlackElo "2158"]
[Annotator "TA"]
[PlyCount "68"]
[EventDate "2020.07.16"]
[EventType "swiss (blitz)"]

{[%evp 9,67,65,77,60,72,71,69,55,82,91,104,43,45,27,54,63,74,40,43,44,56,45,81,70,75,55,106,120,116,-272,-266,-250,-276,-258,33,53,93,66,67,52,75,75,284,277,279,294,290,249,367,346,320,222,588,588,571,547,670,669,5597,-29999]} 1. e4 Nf6 2. e5 Nd5 3. d4 Nb6 4. Nf3 d6 5. a4 {[%cal Ba2a4,Ba4a5][%mdl 32]} dxe5 6. a5 {B04: Alekhine's Defence: 4 Nf3.} ({Much worse is} 6. dxe5 $6 Qxd1+ 7. Kxd1 Bg4 $11) 6... N6d7 7. dxe5 e6 {[#]} 8. Be2 $146 {White is slightly better.} ({Predecessor:} 8. Bc4 Be7 9. Qe2 c5 10. O-O O-O 11. Rd1 Nc6 12. Bd2 Qc7 13. Bc3 Rd8 14. Bd3 {1-0 (32) Balshaw,A-Lagergren,H (1961) ICCF email 2009}) 8... c5 9. O-O Nc6 10. Bf4 (10. Bg5 $16 Be7 11. Bxe7 Qxe7 12. Bb5) 10... Nxa5 $14 11. Nc3 Nc6 12. Ne4 Be7 13. Nd6+ Bxd6 $1 14. Qxd6 Qe7 15. Qd3 {[%mdl 1024] White has compensation.} h6 16. Rfd1 O-O 17. Qe4 Nb4 (17... f5 $14 18. exf6 Nxf6) 18. c3 Nd5 {[#]} 19. Bd3 $2 {[%mdl 8192]} (19. Bg3 $1 $16 {and life is bright.}) 19... f5 $19 20. exf6 N7xf6 21. Qe5 Nxf4 $2 (21... Nd7 $19 22. Qe4 Nxf4 23. Qh7+ Kf7) 22. Qxf4 $40 {[%mdl 128] White attacks.} Nd5 23. Qe4 {Black must now prevent Qh7+.} Nf6 $1 {[%cal Rf6e4]} 24. Qe2 b6 25. Ne5 {Ng6 is the strong threat.} Bb7 $2 (25... Qc7 $16 {keeps fighting.}) 26. Ng6 $1 $18 {[%csl LRe7,LRf8][%mdl 64] Double Attack} Qe8 27. Nxf8 Kxf8 28. Bc4 Kf7 (28... Bd5 $142 29. Bb5 Qg6) 29. Rd6 {[%cal Rd6e6]} Bd5 30. Rd1 Qe7 $2 (30... Kg8 {is a better chance.} 31. Bxd5 exd5) 31. R1xd5 exd5 {[#]} 32. Rxf6+ $1 {[%mdl 512]} Kxf6 (32... Qxf6 33. Bxd5+) 33. Qf3+ {[%mdl 64] Double Attack} Kg6 34. Bxd5 $4 {[%mdl 8192]} (34. Bd3+ $18 Qe4 35. Bxe4+ dxe4 36. Qxe4+ {[%mdl 64] Double Attack} Kf6 37. Qxa8) 34... Qe1# {Accuracy: White = 55%, Black = 42%.} 0-1

[Event "Stay Safe Play From Home 307"]
[Site "Emanuel Lasker Arena"]
[Date "2020.07.16"]
[Round "8"]
[White "Subkat62"]
[Black "Sfantul321"]
[Result "1-0"]
[WhiteElo "2055"]
[BlackElo "2012"]
[Annotator "NA RC"]
[PlyCount "109"]
[EventDate "2020.07.16"]
[EventType "swiss (blitz)"]

1. d4 {[%emt 0:00:01]} g6 {[%emt 0:00:07]} 2. c4 {[%emt 0:00:01]} Bg7 {[%emt 0:00:00]} 3. Nc3 {[%emt 0:00:00]} e6 {[%emt 0:00:00]} 4. e4 {[%emt 0:00:00]} Nf6 {[%emt 0:00:00]} 5. Be3 {[%emt 0:00:01]} d6 {[%emt 0:00:01]} 6. f3 {[%emt 0:00:00]} O-O {[%emt 0:00:01]} 7. Qd2 {[%emt 0:00:00]} Re8 {[%emt 0:00:01]} 8. h4 {[%emt 0:00:01]} h6 {[%emt 0:00:01]} 9. g4 {[%emt 0:00:01]} h5 {[%emt 0:00:01]} 10. g5 {[%emt 0:00:03]} Nfd7 {[%emt 0:00:01]} 11. Nge2 {[%emt 0:00:00]} e5 {[%emt 0:00:01]} 12. d5 {[%emt 0:00:01]} Na6 {[%emt 0:00:02]} 13. a3 {[%emt 0:00:01]} Nac5 {[%emt 0:00:01]} 14. Nc1 {[%emt 0:00:01]} a5 {[%emt 0:00:02]} 15. Rb1 {[%emt 0:00:01]} b6 {[%emt 0:00:02]} 16. b4 {[%emt 0:00:01]} axb4 {[%emt 0:00:00]} 17. axb4 {[%emt 0:00:00]} Nb7 {[%emt 0:00:00]} 18. Nd3 {[%emt 0:00:01]} f5 {[%emt 0:00:02]} 19. gxf6 {[%emt 0:00:01]} Nxf6 {[%emt 0:00:01]} 20. Rg1 {[%emt 0:00:03]} Kh7 {[%emt 0:00:00]} 21. Be2 {[%emt 0:00:03]} Qe7 {[%emt 0:00:01]} 22. Bg5 {[%emt 0:00:01]} Qf7 {[%emt 0:00:01]} 23. c5 {[%emt 0:00:02]} bxc5 {[%emt 0:00:02]} 24. bxc5 {[%emt 0:00:00]} Nxc5 {[%emt 0:00:01]} 25. Nxc5 {[%emt 0:00:00]} dxc5 {[%emt 0:00:00]} 26. Bd3 {[%emt 0:00:03]} Ba6 {[%emt 0:00:02]} 27. Ke2 {[%emt 0:00:05]} Bxd3+ {[%emt 0:00:02]} 28. Qxd3 {[%emt 0:00:00]} Ra3 {[%emt 0:00:01]} 29. Rb2 {[%emt 0:00:01]} Rea8 {[%emt 0:00:01]} 30. Rgb1 {[%emt 0:00:01]} Qd7 {[%emt 0:00:02]} 31. Qc2 {[%emt 0:00:02]} Qc8 {[%emt 0:00:03]} 32. Bd2 {[%emt 0:00:02]} Qa6+ {[%emt 0:00:02]} 33. Kf2 {[%emt 0:00:00]} Qc4 {[%emt 0:00:01]} 34. Ne2 {[%emt 0:00:03]} Qxc2 {[%emt 0:00:01]} 35. Rxc2 {[%emt 0:00:00]} Ra2 {[%emt 0:00:00]} 36. Rbb2 {[%emt 0:00:02]} Rxb2 {[%emt 0:00:01]} 37. Rxb2 {[%emt 0:00:00]} Ra7 {[%emt 0:00:01]} 38. Bc3 {[%emt 0:00:01]} Nd7 {[%emt 0:00:01]} 39. Nc1 {[%emt 0:00:02]} Ra3 {[%emt 0:00:01]} 40. Bd2 {[%emt 0:00:02]} Ra1 {[%emt 0:00:01]} 41. Nb3 {[%emt 0:00:01]} Ra3 {[%emt 0:00:01]} 42. Be3 {[%emt 0:00:01]} c4 {[%emt 0:00:01]} 43. Nc5 {[%emt 0:00:01]} c3 {[%emt 0:00:01]} 44. Rc2 {[%emt 0:00:01]} Nxc5 {[%emt 0:00:01]} 45. Bxc5 {[%emt 0:00:00]} Rb3 {[%emt 0:00:00]} 46. d6 {[%emt 0:00:01]} cxd6 {[%emt 0:00:01]} 47. Bxd6 {[%emt 0:00:00]} Rb2 {[%emt 0:00:00]} 48. Re2 {[%emt 0:00:02]} Rxe2+ {[%emt 0:00:01]} 49. Kxe2 {[%emt 0:00:00]} Bh6 {[%emt 0:00:01]} 50. Kd3 {[%emt 0:00:01]} c2 {[%emt 0:00:00]} 51. Kxc2 {[%emt 0:00:01]} Bf4 {[%emt 0:00:00]} 52. Kd3 {[%emt 0:00:01]} Bg3 {[%emt 0:00:00]} 53. Kc4 {[%emt 0:00:00]} Bxh4 {[%emt 0:00:01]} 54. Kd5 {[%emt 0:00:00]} Bg3 {[%emt 0:00:01]} 55. Bxe5 {[%emt 0:00:00] Time (Lag: Av=0.32s, max=1.5s)} 1-0

[Event "Stay Safe Play From Home 307"]
[Site "Emanuel Lasker Arena"]
[Date "2020.07.16"]
[Round "8"]
[White "Buzaglo"]
[Black "Bardellosport"]
[Result "1/2-1/2"]
[WhiteElo "1982"]
[BlackElo "2004"]
[Annotator "TA"]
[PlyCount "161"]
[EventDate "2020.07.16"]
[EventType "swiss (blitz)"]

{[%evp 16,160,12,21,33,-20,-25,-29,-17,-14,0,-70,19,17,18,0,0,-65,-57,-80,-45,-49,-39,-38,-34,-43,85,-50,-44,-45,0,0,116,108,122,108,97,110,120,88,144,144,154,0,26,0,14,0,31,0,0,0,8,8,92,91,92,99,101,15,150,-1108,89,20,24,10,217,189,549,552,787,787,777,766,770,595,710,667,870,762,702,420,397,197,197,197,197,188,191,188,197,180,200,180,193,192,518,169,280,275,1044,1051,1044,489,664,429,1044,1029,1029,1029,1022,1012,972,656,29978,29980,29980,29981,29981,29982,29982,29983,29983,29983,29983,29984,29985,29986,29986,29985,29985,0,29986,29986,29985,8,29989,8,8,8,8,8,8,8,8,8,8]} 1. d4 d5 2. Nf3 c6 3. g3 e6 4. Bg2 f5 5. O-O Nf6 6. c4 Bd6 7. cxd5 exd5 8. Nc3 Qe7 9. Bg5 O-O {A90: Dutch Defence: Miscellaneous and Modern Stonewall (with ...Bd6).} 10. Bxf6 (10. e3 $14) 10... Qxf6 $11 {[#]} 11. Qc2 $146 ({Predecessor:} 11. e3 Be6 12. Rb1 a5 13. Na4 Nd7 14. Qd2 g5 15. Ne1 f4 16. Rc1 Qh6 17. Nc5 Bxc5 18. dxc5 {0-1 (29) Vicentin,M (1858)-Pinto,R (1946) Sao Bernardo do Campo 2013}) 11... Qe7 {Black has an edge.} 12. e3 Nd7 13. b4 (13. Ne2 $11) 13... Nf6 (13... Bxb4 $15 14. Na4 g6) 14. b5 Ne4 15. bxc6 bxc6 16. Nxe4 (16. Na4 $11) 16... fxe4 $15 17. Ne5 Bxe5 (17... c5 {feels hotter.} 18. Rac1 Ba6 19. Qb3 c4 20. Qa4 Bc8) 18. dxe5 Bd7 19. Qc3 Rac8 20. Rab1 Rfe8 (20... Bf5 $15 {keeps the upper hand.}) 21. Qa5 (21. Rb7 $16) 21... Bf5 22. Rfc1 c5 23. Rb5 {[%cal Rc1c5]} Rc7 (23... d4 $11 {remains equal.}) 24. Rbxc5 Rxc5 25. Qxc5 Qxc5 26. Rxc5 $16 {[%mdl 4096] Endgame KRB-KRB} Rd8 27. f3 exf3 (27... h5 $142) 28. Bxf3 Be6 29. e4 $2 (29. Ra5 $16) 29... d4 30. Be2 Bxa2 31. Bd1 d3 32. Rc7 a5 33. Kf2 d2 34. Ra7 a4 (34... Bc4 $11 {keeps the balance.}) 35. Rxa4 Be6 36. Ra6 Kf7 {[#]} 37. Ra7+ ({White should play} 37. Ke3 $1 $16) 37... Kg6 (37... Rd7 $1 $11 38. Ra3 Ke7) 38. Ra2 $2 (38. Ke3 $16) 38... Kf7 $2 (38... Bxa2 $19 39. g4 Kf7) 39. Rb2 ({White should try} 39. Rc2 $16) 39... Bc4 $11 40. Ke3 Ba6 $2 (40... Rd3+ $11 {and Black is okay.} 41. Kf4 Be6) 41. Rxd2 $18 Rc8 $2 (41... Rxd2 {is tougher.} 42. Bb3+ (42. Kxd2 Ke6 $14) 42... Ke7 43. Kxd2 g5) 42. Rd7+ Ke6 43. Rd6+ {[%mdl 64] [#] Double Attack} Kxe5 44. Rxa6 {KRB-KR} Rc1 45. Ke2 Rb1 46. Ra5+ Kd4 47. Ra7 Rb2+ 48. Ke1 Rxh2 49. Ra4+ (49. Bf3 $142) 49... Ke3 {[%cal Rh2h1]} 50. Ra3+ Kxe4 51. Bf3+ Ke5 52. Be2 Rh1+ 53. Kd2 Rh2 54. Re3+ Kd4 55. Rd3+ Kc4 $2 (55... Ke5 56. Rb3 Kf6 57. Rb6+ Ke7) 56. Rf3+ $2 (56. Rd7+ Kc5 57. Rxg7) 56... Kb4 (56... Kd4 {was necessary.} 57. Rf4+ Ke5) 57. Rf7 Rh6 $2 (57... g6 58. Ke3 Kc5) 58. Rxg7 Rd6+ 59. Ke1 (59. Bd3 $142 h5 60. Rg5) 59... h6 60. Rg4+ Kc3 (60... Kc5 $142 61. Kf2 Kd5) 61. Rh4 Kb2 62. Kf2 Rf6+ 63. Bf3 Rd6 64. Re4 Rd2+ 65. Re2 Kc3 66. Rxd2 Kxd2 {KB-KP} 67. g4 Kd3 68. Kg3 Kd4 69. Bg2 Ke5 70. Kh4 Kf6 71. Kh5 Kg7 72. Bh3 Kh7 73. Bg2 Kg7 74. Bf3 Kh7 75. g5 $2 (75. Be4+ Kg7 76. Bd3 Kf6 77. Kxh6 Ke5 78. g5 Kd4 79. Bf1 Ke3 80. g6) 75... Kg7 $2 {[%mdl 8192]} (75... hxg5 $11 76. Kxg5) 76. gxh6+ $2 (76. g6 {mates} Kf6 77. Kxh6 Ke5 78. g7 Kf4 79. g8=Q Kxf3 80. Qd5+ Ke3 81. Kg5) 76... Kh8 {The position is equal.} 77. Bg4 Kg8 78. Bf5 Kh8 79. Kg5 Kg8 80. Kg6 Kh8 81. h7 {What a bad dream for Black. Accuracy: White = 54%, Black = 44%.} 1/2-1/2

[Event "Stay Safe Play From Home 307"]
[Site "Emanuel Lasker Arena"]
[Date "2020.07.16"]
[Round "8"]
[White "Haris kollari 13"]
[Black "Grazie"]
[Result "0-1"]
[WhiteElo "1667"]
[BlackElo "1912"]
[Annotator "NA RC"]
[PlyCount "90"]
[EventDate "2020.07.16"]
[EventType "swiss (blitz)"]

1. e4 {[%emt 0:00:01]} e6 {[%emt 0:00:00]} 2. f4 {[%emt 0:00:01]} d5 {[%emt 0:00:00]} 3. e5 {[%emt 0:00:00]} c5 {[%emt 0:00:01]} 4. b3 {[%emt 0:00:01]} a6 {[%emt 0:00:00]} 5. Bb2 {[%emt 0:00:01]} Nd7 {[%emt 0:00:01]} 6. c3 {[%emt 0:00:01]} b5 {[%emt 0:00:00]} 7. d4 {[%emt 0:00:01]} Bb7 {[%emt 0:00:00]} 8. Bd3 {[%emt 0:00:01]} Qc7 {[%emt 0:00:01]} 9. Nf3 {[%emt 0:00:01]} g6 {[%emt 0:00:00]} 10. Nbd2 {[%emt 0:00:01]} Bg7 {[%emt 0:00:01]} 11. O-O {[%emt 0:00:01]} Ne7 {[%emt 0:00:00]} 12. Qe2 {[%emt 0:00:01]} O-O {[%emt 0:00:01]} 13. g4 {[%emt 0:00:01]} Rac8 {[%emt 0:00:01]} 14. h4 {[%emt 0:00:01]} b4 {[%emt 0:00:00]} 15. dxc5 {[%emt 0:00:06]} bxc3 {[%emt 0:00:01]} 16. Bxc3 {[%emt 0:00:01]} Qxc5+ {[%emt 0:00:01]} 17. Bd4 {[%emt 0:00:01]} Qc7 {[%emt 0:00:00]} 18. h5 {[%emt 0:00:03]} Nc6 {[%emt 0:00:02]} 19. Bf2 {[%emt 0:00:02]} Nb4 {[%emt 0:00:04]} 20. Bb1 {[%emt 0:00:01]} a5 {[%emt 0:00:02]} 21. a3 {[%emt 0:00:01]} Nc2 {[%emt 0:00:04]} 22. Ra2 {[%emt 0:00:03]} Qb6 {[%emt 0:00:05]} 23. Rxc2 {[%emt 0:00:01]} Ba6 {[%emt 0:00:01]} 24. Qe3 {[%emt 0:00:04]} Bxf1 {[%emt 0:00:01]} 25. Kxf1 {[%emt 0:00:01]} Rxc2 {[%emt 0:00:01]} 26. Bxc2 {[%emt 0:00:01]} Rc8 {[%emt 0:00:00]} 27. Qd3 {[%emt 0:00:02]} Nc5 {[%emt 0:00:03]} 28. Qd4 {[%emt 0:00:03]} Rc6 {[%emt 0:00:05]} 29. b4 {[%emt 0:00:01]} axb4 {[%emt 0:00:01]} 30. axb4 {[%emt 0:00:01]} Nd7 {[%emt 0:00:01]} 31. Qxb6 {[%emt 0:00:01]} Nxb6 {[%emt 0:00:01]} 32. Bxb6 {[%emt 0:00:01]} Rxb6 {[%emt 0:00:01]} 33. b5 {[%emt 0:00:00]} Rxb5 {[%emt 0:00:01]} 34. Bd3 {[%emt 0:00:01]} Rb3 {[%emt 0:00:01]} 35. Ke2 {[%emt 0:00:01]} Rb2 {[%emt 0:00:01]} 36. Nd4 {[%emt 0:00:02]} gxh5 {[%emt 0:00:00]} 37. g5 {[%emt 0:00:02]} Bh6 {[%emt 0:00:00]} 38. gxh6 {[%emt 0:00:02]} Kf8 {[%emt 0:00:01]} 39. N4f3 {[%emt 0:00:01]} Ke8 {[%emt 0:00:00]} 40. Ng5 {[%emt 0:00:01]} Ke7 {[%emt 0:00:01]} 41. Nxh7 {[%emt 0:00:01]} f5 {[%emt 0:00:01]} 42. Nf6 {[%emt 0:00:01]} Kf7 {[%emt 0:00:01]} 43. h7 {[%emt 0:00:00]} Kg7 {[%emt 0:00:01]} 44. Ke3 {[%emt 0:00:02]} Rb8 {[%emt 0:00:00]} 45. Nf3 {[%emt 0:00:01]} h4 {[%emt 0:00:00] Time (Lag: Av=0.41s, max=1.2s) .} 0-1

[Event "Stay Safe Play From Home 307"]
[Site "Emanuel Lasker Arena"]
[Date "2020.07.16"]
[Round "9"]
[White "Little champs"]
[Black "Hetou"]
[Result "0-1"]
[WhiteElo "2297"]
[BlackElo "2508"]
[Annotator "TA"]
[PlyCount "126"]
[EventDate "2020.07.16"]
[EventType "swiss (blitz)"]

{[%evp 9,126,1,20,-13,0,0,-10,-9,2,-12,-24,-31,-31,-26,-27,-47,-43,-64,-68,-72,-56,-58,-48,-96,-43,-67,-60,-54,-14,-47,-31,-54,-19,-24,0,0,0,-6,288,279,398,387,416,-405,-46,-300,0,-304,-317,-272,-14,-15,-8,-428,-441,-418,-13,-123,-57,-52,-55,-59,-9,-15,-9,-12,-9,-12,-8,-13,-4,-52,-28,-73,-66,-192,-168,-168,-168,-256,-256,-248,-248,-234,-89,-89,-89,-89,-89,-287,-287,-287,-287,-287,-287,-287,-287,-287,-287,-570,-287,-720,-287,-287,-287,-29978,-29978,-29979,-29980,-29981,-29982,-29981,-29976,-29980,-29978,-29970,-2755,-12792,-8]} 1. d4 e6 2. e3 Nf6 3. Nf3 c5 4. Be2 b6 5. O-O Bb7 6. c3 {A46: 1 d4 Nf6 2 Nf3 e6: Torre, London and Colle Systems.} Be7 7. c4 O-O 8. Nc3 {The position is equal.} d5 9. cxd5 Nxd5 10. dxc5 Nxc3 11. bxc3 Bxc5 {[#]} 12. Qc2 $146 ({Predecessor:} 12. Qxd8 Rxd8 13. Bb2 Nd7 14. Rfd1 Nf6 15. Rxd8+ Rxd8 16. Rd1 Rxd1+ 17. Bxd1 Kf8 18. c4 {0-1 (26) Hruschka,W-Mueller,K DESC email 2005}) 12... Nd7 13. a3 Qc7 14. Rd1 Rac8 15. Bb2 Rfd8 16. Rac1 Nf6 (16... Bd6 $17 17. h3 Be7) 17. c4 $15 h6 18. Be5 Qc6 19. Ne1 Ne4 ({But not} 19... Bxa3 20. Ra1 $14) 20. Bf3 Bxa3 (20... f6 {is interesting.} 21. Rxd8+ Rxd8 22. Bc3 Bd6 23. Bb4 f5) 21. Ra1 Bb4 {And now ...Rxd1 would win.} 22. Rxa7 Rxd1 23. Qxd1 Qxc4 $2 {[%mdl 8192]} (23... b5 $11) 24. Rxb7 $18 Ng5 (24... Bxe1 {was necessary.} 25. Qxe1 Qc1) 25. Be2 Qe4 26. Bf3 $4 {[%mdl 8192]} (26. Rc7 $18 Rxc7 27. Qd8+ Bf8 28. Bxc7) 26... Qxe5 $2 (26... Nxf3+ $19 27. Qxf3 Qxe5 28. Qxf7+ Kh7) 27. Rxb6 $2 {[%mdl 8192]} (27. h4 $1 $15 Nxf3+ 28. Nxf3) 27... Ba3 $2 (27... Nxf3+ $19 28. gxf3 Qa5) 28. Qd7 $2 {[%mdl 8192] [#]} (28. Rc6 $11 {and White is okay.} Nxf3+ 29. Nxf3) 28... Rc1 $1 $19 {[%cal Rc1e1][%mdl 512]} 29. Qd8+ Kh7 $2 (29... Bf8 $19 {[%cal Rc1e1]} 30. Qd2 Ra1) 30. Qd3+ $11 Qf5 31. Qd2 $2 {[%mdl 8192]} (31. Qxf5+ $11 exf5 32. Kf1) 31... Nxf3+ $19 32. gxf3 Qh3 $2 (32... Qd5 $19 33. Qxd5 Rxe1+ 34. Kg2 exd5) 33. Rb3 {[#]} (33. Ra6 $1 $11 Ra1 34. Qc3) 33... Ra1 (33... Bd6 $1 $17 {[%cal Rd6h2][%mdl 512]} 34. f4 {[#]} (34. Qxc1 {leads to mate.} Bxh2+ 35. Kh1 Bg3+ {[%mdl 64] Discovered Attack} 36. Kg1 Qh2+ {[%mdl 64] Double Attack} 37. Kf1 Qxf2#) (34. Qxd6 Rxe1#) 34... Bxf4 $1 {[%mdl 512]} 35. exf4 Rxe1+ $1 {[%mdl 512]} 36. Qxe1 Qxb3 37. Qe4+ f5) 34. Qc2+ $1 $15 g6 {[%cal Ra1e1]} 35. Rb1 Rxb1 (35... Bd6 {feels hotter.} 36. f4 Ra5 37. Rd1 Qg4+ 38. Kf1 Bb4) 36. Qxb1 Qh5 (36... Qf5 {with more complications.} 37. Qd1 Bb4 38. f4 Bc3 39. Kg2 e5) 37. Qd1 Qg5+ 38. Ng2 Qf6 39. f4 Bb2 40. h4 Kg7 41. Qf3 h5 42. f5 (42. Qe2 $15) 42... Qxf5 43. Qxf5 exf5 $19 {[%mdl 4096] Endgame KB-KN} 44. f3 (44. Ne1 $142) 44... Bf6 45. Kf2 Bd8 46. Kg3 f6 (46... Kf6 $19 {has better winning chances.} 47. f4 Ba5) 47. f4 $17 Bc7 48. Kf3 Bb6 49. e4 $2 (49. Ke2 $17 {was worth a try.}) 49... fxe4+ $19 50. Kxe4 f5+ 51. Kf3 Bd8 52. Ne1 Bf6 53. Nd3 Bxh4 54. Nc5 $2 (54. Ke2) 54... Bf6 55. Nd7 $2 (55. Kg2) 55... Kf7 $2 (55... Bd4 56. Nb8 h4) 56. Nc5 g5 57. Nd3 $2 (57. fxg5 $19 Bc3 58. Nb7) 57... g4+ 58. Kg3 h4+ 59. Kg2 h3+ 60. Kg3 Kg6 61. Nc5 Kh5 62. Ne6 Bh4+ 63. Kh2 g3+ $2 {[%mdl 32768] Quite a comeback for Black. Accuracy: White = 51%, Black = 59%. . Loss on time!?} (63... Bf2 $19 64. Ng7+ Kg6) 0-1

[Event "Stay Safe Play From Home 307"]
[Site "Emanuel Lasker Arena"]
[Date "2020.07.16"]
[Round "9"]
[White "Weltszmerc"]
[Black "AChessPlayer"]
[Result "1-0"]
[WhiteElo "2178"]
[BlackElo "2383"]
[Annotator "TA"]
[PlyCount "135"]
[EventDate "2020.07.16"]
[EventType "swiss (blitz)"]

{[%evp 24,134,-31,-18,25,9,25,0,0,-26,24,-37,-33,-38,0,-15,0,6,6,-5,0,0,0,-83,-71,-149,-133,-190,-114,-297,-278,-310,-279,-547,-298,-544,-529,-529,-528,-822,-729,-1286,-1102,-952,-413,-414,-413,-389,-382,-405,-410,-659,-592,-647,-635,-1016,-977,-1013,-983,-880,1615,1437,1420,1375,29984,29985,29988,29989,29989,29990,29990,29991,29991,29992,29992,29993,29993,29990,29990,29989,29989,29990,29989,29987,29991,29990,29991,29992,29992,29991,29992,27999,29984,27999,27999,27999,27999,27999,27999,27999,27999,27999,27999,27999,27999,27999,27998,27999,27999,27999,27999,27999,27999]} 1. d4 Nf6 2. c4 g6 3. Nc3 Bg7 4. e4 d6 5. f3 O-O 6. Nge2 c5 7. Be3 Nc6 8. d5 Ne5 9. Nc1 e6 10. Qd2 exd5 11. cxd5 a6 12. a4 Re8 13. Be2 h5 {A65: Modern Benoni: 6 e4.} 14. O-O Nh7 15. a5 f5 {[#] The position is equal.} 16. b3 $146 ({Predecessor:} 16. Ra3 Nf6 17. exf5 Bxf5 18. h3 Rc8 19. Na4 Rc7 20. Nb6 Rce7 21. Bf2 {½-½ (34) Dao,T (2550)-Wang,P (2469) Quezon City 2000}) 16... h4 17. Ra4 (17. h3 $11) 17... h3 18. g3 Rb8 19. Bh6 Bd7 20. Bxg7 Kxg7 21. Ra1 Qf6 22. exf5 gxf5 23. f4 (23. Rb1 $11 {remains equal.}) 23... Ng4 $17 24. Bxg4 ({White should play} 24. Ra2) 24... fxg4 25. N1a2 (25. N1e2 $17) 25... Bf5 (25... Qd4+ $19 26. Qf2 Nf6) 26. Rae1 $2 (26. Rad1 $17) 26... Qd4+ $19 27. Qxd4+ cxd4 28. Na4 $2 (28. Ne2 Re4 29. Nb4) 28... Nf6 29. Nb4 $2 (29. Nb2 {keeps fighting.} Nxd5 30. Nc4) 29... Ne4 30. Nb6 Nd2 $1 {[%csl LRb3,LRf1]} 31. Rxe8 Rxe8 32. Rd1 Nf3+ 33. Kf2 Nxh2 (33... Re3 $142 34. Nc4 Rxb3) 34. Nc4 Nf3 35. Nxd6 Rf8 36. Nxf5+ Rxf5 {[%mdl 4096] Endgame KRN-KRN} 37. d6 (37. Rc1 $142 Rh5 38. Rh1) 37... Kf7 38. Rc1 Ke6 39. Rc7 Kxd6 40. Rxb7 Rh5 {( -> ...h2)} 41. Rb6+ Kc5 $4 {[%mdl 8192]} (41... Ke7 $19 42. Rb7+ Ke8 43. Rb8+ Kd7 44. Nxa6 Rxa5) 42. Nxa6+ $18 Kd5 43. Rb5+ Ke4 44. Rxh5 {[%cal Ra6c5] White mates.} Kd3 45. Nc5+ Kc2 46. a6 d3 {[#]} 47. Nxd3 $1 {[%mdl 64] Promotion} Kxd3 {KR-KN} 48. a7 Nd2 49. a8=Q Ne4+ {[#]} 50. Qxe4+ $3 {[%mdl 64] Promotion} Kxe4 {KR-KPP} 51. Re5+ Kd4 52. Kg1 h2+ 53. Kxh2 {KR-KP} Kd3 54. Kg2 Kd4 55. Kf2 Kd3 56. Rg5 Kd4 57. Rxg4 {KR-K} Ke4 {[#]} 58. f5+ $1 {[%mdl 64] Decoy} Kxf5 59. Rf4+ Kg5 60. b4 Kg6 61. b5 Kg5 62. b6 Kg6 63. b7 Kg5 64. b8=Q Kg6 65. Qe5 Kh7 66. Rf6 Kg8 67. Qe7 Kh8 68. Rf8# {White used his chance. Accuracy: White = 38%, Black = 57%.} 1-0